000 00652pam a2200229 a 4500
008
020 _a0553176161 (pbk.)
049 _aMAIN
050 0 0 _aQP552.E53 GOL
100 1 _aGoldberg, Jeff.
245 1 0 _aAnatomy of a scientific discovery /
_cJeff Goldberg.
260 _aToronto ;
_aNew York :
_bBantam Books,
_c1988.
300 _aviii, 228 p. ;
_c22 cm.
504 _aBibliography: p. [217]-218.
500 _aIncludes index.
650 0 _aEndorphins
_xResearch
_xHistory.
907 _a.b10244827
_b18-05-07
_c18-05-07
003
005 20230123134446.0
040 _cNUST
942 _cBOOKS
999 _c166264
_d166264